Normal view
MARC view
- SABEEH AHMED MALIK
Entry Personal Name
001 - CONTROL NUMBER
- control field: 70190
003 - CONTROL NUMBER IDENTIFIER
- control field: NUST
005 - DATE AND TIME OF LATEST TRANSACTION
- control field: 20210628204409.0
008 - FIXED-LENGTH DATA ELEMENTS
- fixed length control field: 210628|| aca||aabn | a|a d
040 ## - CATALOGING SOURCE
- Original cataloging agency: NUST
- Transcribing agency: NUST
100 ## - HEADING--PERSONAL NAME
- Personal name: SABEEH AHMED MALIK
670 ## - SOURCE DATA FOUND
- Source citation: Work cat.: (NUST): SABEEH AHMED MALIK, TH-SOF-1672-Joint Trajectory Power and Power Spliting Optimization of a UAV System, 2019
